Countries With Spanish Endings - Statistics

General Stats
  • This quiz has been taken 29 times
  • The average score is 7 of 13
Answer Stats
Hint Countries % Correct
Two BarbaDOS
93%
Water NicarAGUA
85%
Rich Costa RICA | South AfRICA
81%
Black MonteNEGRO
81%
More BahaMAS
59%
Aunt CroaTIA
52%
Bread JaPAN
52%
Golds ComOROS
48%
Day InDIA | CamboDIA
48%
High/Tall MALTA
33%
Sea MyanMAR
30%
Sailor/Sea San MARINO
19%
Wave (n) AngOLA
7%
No matching quizzes found
Score Distribution
Percent of People with Each Score
Percentile by Number Answered
Your Score History
You have not taken this quiz